LEADER 01322oam 2200433zu 450 001 9910138933303321 005 20241212215828.0 010 $a9781424441938 010 $a1424441935 035 $a(CKB)2400000000003047 035 $a(SSID)ssj0000452388 035 $a(PQKBManifestationID)12194501 035 $a(PQKBTitleCode)TC0000452388 035 $a(PQKBWorkID)10468539 035 $a(PQKB)10446100 035 $a(NjHacI)992400000000003047 035 $a(EXLCZ)992400000000003047 100 $a20160829d2009 uy 101 0 $aeng 135 $aur||||||||||| 181 $ctxt 182 $cc 183 $acr 200 10$a2009 International Solid-State Sensors, Actuators and Microsystems Conference 210 31$a[Place of publication not identified]$cI E E E$d2009 215 $a1 online resource (616 pages) 300 $aBibliographic Level Mode of Issuance: Monograph 311 08$a9781424441907 311 08$a1424441900 320 $aIncludes bibliographical references and index. 606 $aTransducers$vCongresses 615 0$aTransducers 676 $a681.2 702 $aIEEE Staff 801 0$bPQKB 906 $aPROCEEDING 912 $a9910138933303321 996 $a2009 International Solid-State Sensors, Actuators and Microsystems Conference$92503961 997 $aUNINA